System Of A Down - Toxicity Songs - Statistics

General Stats
  • This quiz has been taken 85 times
  • The average score is 11 of 15
Answer Stats
Spotify Streams Song % Correct
1,748,690,247 Chop Suey!
94%
1,302,206,433 Toxicity
90%
182,001,736 Prison Song
88%
755,310,149 Aerials
85%
131,470,943 Deer Dance
81%
213,134,888 ATWA
77%
86,459,199 Forest
75%
79,007,942 Needles
73%
53,548,191 X
73%
58,604,883 Science
71%
53,678,324 Jet Pilot
69%
71,133,586 Bounce
67%
101,238,433 Psycho
63%
26,601,429 Arto
62%
62,328,615 Shimmy
54%
No matching quizzes found
Score Distribution
Percent of People with Each Score
Percentile by Number Answered
Your Score History
You have not taken this quiz